| 000 | 01011nam a22002657i 4500 | ||
|---|---|---|---|
| 003 | EG-ScBUE | ||
| 005 | 20240501085347.0 | ||
| 008 | 220731s2021 ua o f 000 0dara d | ||
| 017 | _a2021 / 17620 | ||
| 020 | _a9789779093048 | ||
| 040 |
_aEG-ScBUE _bara _erda _cEG-ScBUE _dEG-ScBUE |
||
| 082 | 0 | 4 |
_222 _a892.767 _bق ا ض |
| 100 | 1 |
_aقاضي، خالد محمد، _d1967- _eمؤلف. |
|
| 245 | 1 | 0 |
_a25 سنة .. مع أنا : _bرسائل إلى ابني محمد / _cالمرسل خالد محمد القاضي. |
| 264 | 1 |
_aالقاهرة : _bمؤسسة كتابي للنشر والتوزيع، _c2021. |
|
| 300 |
_a119 صفحة : _bصور ؛ _c18 سم |
||
| 336 |
_2rdacontent _aنص _btxt |
||
| 337 |
_2rdamedia _aبدون وسيط _bn |
||
| 338 |
_2rdacarrier _aمجلد _bnc |
||
| 541 |
_cDonation ; _aProf. Hassan Abdel Hamid. |
||
| 600 | 1 | 7 |
_aقاضي، خالد محمد، _d1967- _xمراسلات. _2BUEsh |
| 650 | 7 |
_aالرسائل العربية. _2BUEsh |
|
| 655 | _vReading book | ||
| 942 | _2ddc | ||
| 999 |
_c30724 _d30695 |
||